| 000 | 00345cam a22001217a 4500 | ||
|---|---|---|---|
| 008 | 180718b1983 xxu||||| |||| 00| 0 eng d | ||
| 082 | _aA7 Sm64 | ||
| 100 | _aSmith, Roger M. | ||
| 245 |
_aImages of the world: an atlas of satellite imagery and maps _cby Roger M. Smith |
||
| 260 |
_aGlasgow _bLongman _c1983 |
||
| 300 | _a175p. | ||
| 650 | _aAtlases | ||
| 999 |
_c354761 _d354761 |
||